Study on Newcastle disease of avian chicken and their antibodies by Ha and Hi-Test at dongkor district, phnom penh; សិក្សាលើជំងឺញ៉ូវកាសលើមាន់ពូជ AVIAN និងអង់ទីកររបស់វាតាមរយៈតេស្ត HA នឹង HI នៅខណ្ឌដង្កោ រាជធានីភ្នំពេញ (Record no. 9283)

000 -LEADER
fixed length control field 00695nam a22001337a 4500
040 ## - CATALOGING SOURCE
Transcribing agency RUA
082 ## - DEWEY DECIMAL CLASSIFICATION NUMBER
Classification number VEM SON 2015 B509 Or.
100 ## - MAIN ENTRY--AUTHOR NAME
Personal name SON VICHEKA; ស៊ន វិច្ឆិកា
245 ## - TITLE STATEMENT
Title Study on Newcastle disease of avian chicken and their antibodies by Ha and Hi-Test at dongkor district, phnom penh; សិក្សាលើជំងឺញ៉ូវកាសលើមាន់ពូជ AVIAN និងអង់ទីកររបស់វាតាមរយៈតេស្ត HA នឹង HI នៅខណ្ឌដង្កោ រាជធានីភ្នំពេញ
260 ## - PUBLICATION, DISTRIBUTION, ETC. (IMPRINT)
Place of publication RUA
Name of publisher Phnom Penh
Year of publication 2015
300 ## - PHYSICAL DESCRIPTION
Number of Pages x;39p.
Other physical details ill.
Dimensions 29cm.
856 ## - ELECTRONIC LOCATION AND ACCESS
Uniform Resource Identifier SON VICHEKA
942 ## - ADDED ENTRY ELEMENTS (KOHA)
Koha item type VEM
952 ## - LOCATION AND ITEM INFORMATION (KOHA)
Withdrawn status [LOCAL, KOHA] 0
952 ## - LOCATION AND ITEM INFORMATION (KOHA)
Withdrawn status [LOCAL, KOHA] 0
952 ## - LOCATION AND ITEM INFORMATION (KOHA)
Withdrawn status [LOCAL, KOHA] 0
952 ## - LOCATION AND ITEM INFORMATION (KOHA)
Withdrawn status [LOCAL, KOHA] 0
952 ## - LOCATION AND ITEM INFORMATION (KOHA)
Withdrawn status [LOCAL, KOHA] 0
952 ## - LOCATION AND ITEM INFORMATION (KOHA)
Withdrawn status [LOCAL, KOHA] 0
952 ## - LOCATION AND ITEM INFORMATION (KOHA)
Withdrawn status [LOCAL, KOHA] 0
952 ## - LOCATION AND ITEM INFORMATION (KOHA)
Withdrawn status [LOCAL, KOHA] 0
952 ## - LOCATION AND ITEM INFORMATION (KOHA)
Withdrawn status [LOCAL, KOHA] 0
952 ## - LOCATION AND ITEM INFORMATION (KOHA)
Withdrawn status [LOCAL, KOHA] 0
952 ## - LOCATION AND ITEM INFORMATION (KOHA)
Withdrawn status [LOCAL, KOHA] 0
952 ## - LOCATION AND ITEM INFORMATION (KOHA)
Withdrawn status [LOCAL, KOHA] 0
Holdings
Permanent Location Date acquired Koha item type Lost status Barcode Shelving location Current Location Full call number
 2016-08-30VEM     
Library Block B2016-08-30VEM RUA055834 Library Block BVEM SON 2015 B509 Or.1
Library Block B2016-08-30VEM RUA055710 Library Block BVEM SON 2015 B509 Or.2
Library Block B2016-08-30VEM RUA062571 Library Block BVEM SON 2015 B509 Or.3
Library Block B2016-08-30VEM RUA057762 Library Block BVEM SON 2015 B509 Or.4
Library Block B2016-08-30VEM RUA055567 Library Block BVEM SON 2015 B509 Or.5
Library Block B2016-08-30VEM RUA061619 Library Block BVEM SON 2015 B509 Or.6
Library Block B2016-08-30VEM RUA062532 Library Block BVEM SON 2015 B509 Or.7
Library Block B2016-08-30VEM RUA055625 Library Block BVEM SON 2015 B509 Or.8
Library Block B2021-10-12VEM A09709B693Library Block BVEM SON 2015 B693 Or.
Library Block B2021-10-12VEM A09844B693Library Block BVEM SON 2015 B693 Or.
Library Block B2021-10-12VEM A09998B693Library Block BVEM SON 2015 B693 Or.
មជ្ឈមណ្ឌលឯការនៃសាកលវិទ្យាល័យភូមិន្ទកសិកម្មចំការដូង

Powered by Koha